Statistics for First Ladies by Cause of Death

Click here to take the quiz!

General Stats

  • This quiz has been taken 67 times
  • The average score is 15 of 45

Answer Stats

HintAnswer% Correct
Harriet Lanecancer
96%
Julia Grantheart/kidney failure
94%
Julia Tylerstroke
70%
Mamie Eisenhowerstroke
70%
Dolley Madisonstroke
70%
Nellie Taftstroke
70%
Louisa Adamsstroke
70%
Lucy Hayesstroke
70%
Mary Lincolnstroke
70%
Letitia Tylerstroke
70%
Elizabeth Tylerstroke
70%
Abigail Fillmorepneumonia
49%
Lucretia Garfieldpneumonia
49%
Caroline Harrisontuberculosis
43%
Eliza Johnsontuberculosis
43%
Emily Donelsontuberculosis
43%
Jane Piercetuberculosis
43%
Jane Harrisontuberculosis
43%
Martha Washingtonfever
38%
Peggy Taylorfever
38%
Betty Fordnatural causes
32%
Frances Clevelandnatural causes
32%
Lady Bird Johnsonnatural causes
32%
Edith Rooseveltnatural causes
32%
Rose Clevelandinfluenza
21%
Ida McKinleyinfluenza
21%
Grace Coolidgeheart disease
15%
Pat Nixonlung cancer
15%
Nancy Reaganheart failure
13%
Bess Trumanheart failure
13%
Eleanor Rooseveltheart failure
13%
Lou Hooverheart failure
13%
Edith Wilsonheart failure
13%
Ellen WilsonBright's disease
11%
Sarah Polkunknown
11%
Martha Jefferson Randolphunknown
11%
Angelica Van Burenunknown
11%
Mary McElroyunknown
11%
Anna Harrisonunknown
11%
Abigail Adamstyphoid fever
6%
Barbara Bushfractured vertebrae
2%
Jackie Kennedyblood cancer
0%
Elizabeth Monroeepilesey
0%
Florence Hardingrenal failure
0%
Margaret Wilsonuremia
0%

Score Distribution

Percentile by Number Answered

Percent of People with Each Score

Your Score History

You have not taken this quiz